Algebra and trigonometry with analytic geometry / (رقم التسجيلة. 35452)
[ عرض عادي ]
| 000 -الفاتح | |
|---|---|
| حقل البيانات ثابتة الطول | 01020pam a2200301 a 4500 |
| 001 - رقم الضبط | |
| رقم الضبط | 2579937 |
| 003 - محدد رقم الضبط | |
| رقم الضبط | OSt |
| 005 - وقت وتاريخ اخر تعامل مع التسجيلة | |
| رقم الضبط | 20150408114221.0 |
| 008 - عناصر البيانات ثابتة الطول - معلومات عامة | |
| حقل البيانات ثابتة الطول | 960723s2012 caua 001 0 eng |
| 010 ## - رقم ضبط مكتبة الكونجرس | |
| رقم ضبط مكتبة الكونجرس | 96027471 |
| 020 ## - الرقم الدولى المعيارى للكتب | |
| الرقم الدولى المعيارى للكتاب | 9780840068897 |
| 040 ## - مصدر الفهرسة | |
| وكالة الفهرسة الأصلية | DLC |
| وكالة النسخ | DLC |
| وكالة التعديل | DLC |
| 050 00 - رقم طلب مكتبة الكونجرس | |
| رقم التصنيف | QA152.2 |
| رقم المادة | .S965 1997 |
| 082 00 - رقم تصنيف ديوى العشرى | |
| رقم التصنيف | 512.13 |
| رقم الطبعة | 20 |
| رقم المادة | SEA |
| 100 1# - المدخل الرئيسى - إسم شخصى | |
| الإسم الشخصى | Swokowski, Earl William, |
| التواريخ المصاحبة للاسم | 1926- |
| 9 (RLIN) | 46017 |
| 245 10 - بيان العنوان | |
| العنوان | Algebra and trigonometry with analytic geometry / |
| بيان المسئوليه,etc | Earl W. Swokowski, Jeffery A. Cole. |
| 250 ## - بيان الطبعة | |
| بيان الطبعة | 13th ed. |
| 260 ## - PUBLICATION, DISTRIBUTION, ETC. (IMPRINT) | |
| مكان الناشر او الموزع | Pacific Grove, Calif. : |
| اسم الناشر او الموزع | Brooks/Cole Pub. Co., |
| تاريخ النشر أو التوزيع | 2012 |
| 300 ## - الوصف المادى | |
| التعداد | xviii, 847, A103 p. : |
| تفاصيل ماديه اخرى للوعاء | ill. (some col.) ; |
| أبعاد الوعاء | 24 cm. |
| 500 ## - تبصرة عامة | |
| تبصرة عامة | Includes indexes. |
| 650 #0 - المدخل الاضافى بالموضوع-مصطلح موضوعى | |
| مصطلح موضوعي أو اسم جغرافي كعنصر مدخل | Algebra. |
| 650 #0 - المدخل الاضافى بالموضوع-مصطلح موضوعى | |
| مصطلح موضوعي أو اسم جغرافي كعنصر مدخل | Trigonometry. |
| 650 #0 - المدخل الاضافى بالموضوع-مصطلح موضوعى | |
| مصطلح موضوعي أو اسم جغرافي كعنصر مدخل | Geometry, Analytic. |
| 9 (RLIN) | 18182 |
| 700 1# - المدخل الاضافى - اسم شخصى | |
| الإسم الشخصى | Cole, Jeffery A. |
| الشكل الأكمل للاسم | (Jeffery Alan), |
| التواريخ المصاحبة للاسم | 1955- |
| 9 (RLIN) | 46018 |
| 906 ## - عنصر بيانات محلى F, LDF (RLIN) | |
| a | 7 |
| b | cbc |
| c | orignew |
| d | 1 |
| e | ocip |
| f | 19 |
| g | y-gencatlg |
| 942 ## - عناصر المدخل الإضافي( كوها) | |
| مصدر التصنيف او مخطط الترفيف | Dewey Decimal Classification |
| Koha [default] item type | كتاب |
| حالة الفقد | نموذج السعر الفعال | حالة تلف | ليس للاعارة | رقم الطلب | تاريخ الاكتساب | الموقع الحالي | الباركود | الفرع الرئيسي | Date last seen | نوع المادة فى نظام كوها | مصدر التصنيف او خطة الترفيف | Total Checkouts |
|---|---|---|---|---|---|---|---|---|---|---|---|---|
| 2014-07-08 | 512.13 SEA | 2014-07-08 | المكتبة المركزية بالمجمعة (CL) | 00652119 | المكتبة المركزية بالمجمعة (CL) | 2014-07-08 | كتاب | Dewey Decimal Classification | ||||
| 2014-07-08 | 512.13 SEA | 2014-07-08 | المكتبة المركزية بالمجمعة (CL) | 00652120 | المكتبة المركزية بالمجمعة (CL) | 2014-07-08 | كتاب | Dewey Decimal Classification | ||||
| 2014-07-08 | 512.13 SEA | 2014-07-08 | المكتبة المركزية بالمجمعة (CL) | 00652121 | المكتبة المركزية بالمجمعة (CL) | 2014-07-08 | كتاب | Dewey Decimal Classification | ||||
| 2014-07-08 | 512.13 SEA | 2014-07-08 | مكتبة مجمع الكليات بالزلفى - طلاب (SZM) | 00652136 | مكتبة مجمع الكليات بالزلفى - طلاب (SZM) | 2014-07-08 | كتاب | Dewey Decimal Classification | ||||
| 2014-07-08 | 512.13 SEA | 2014-07-08 | مكتبة مجمع الكليات بالزلفى - طلاب (SZM) | 00652137 | مكتبة مجمع الكليات بالزلفى - طلاب (SZM) | 2014-07-08 | كتاب | Dewey Decimal Classification |
